Vita di Gesù (La)-24 diapositive con libretto (Record n. 99391)

Dettagli MARC
000 -LEADER
fixed length control field 01698njm a2200361Ia 4500
001 - CONTROL NUMBER
control field 37638
003 - CONTROL NUMBER IDENTIFIER
control field IT-RoPAU
005 - DATE AND TIME OF LATEST TRANSACTION
control field 20220918181116.0
008 - FIXED-LENGTH DATA ELEMENTS--GENERAL INFORMATION
fixed length control field 131025s9999 xx 000 0 und d
040 ## - CATALOGING SOURCE
Original cataloging agency IT-RoPAU
040 ## - CATALOGING SOURCE
Transcribing agency IT-RoPAU
041 ## - LANGUAGE CODE
Language code of text/sound track or separate title ITALIANO
999 ## - SYSTEM CONTROL NUMBERS (KOHA)
Koha Dewey Subclass [OBSOLETE] n.d.
100 ## - MAIN ENTRY--PERSONAL NAME
Personal name AA.VV.
9 (RLIN) 794
100 ## - MAIN ENTRY--PERSONAL NAME
Relator term Autore testo
9 (RLIN) 19727
100 ## - MAIN ENTRY--PERSONAL NAME
Miscellaneous information Codice autore testo SPICS: 12000
9 (RLIN) 14322
245 ## - TITLE STATEMENT
Title Vita di Gesù (La)-24 diapositive con libretto
250 ## - EDITION STATEMENT
Edition statement 1a ed.
260 ## - PUBLICATION, DISTRIBUTION, ETC. (IMPRINT)
Place of publication, distribution, etc. TORINO/LEUMANN
260 ## - PUBLICATION, DISTRIBUTION, ETC. (IMPRINT)
Name of publisher, distributor, etc. ELLE DI CI
Date of publication, distribution, etc. 1983 [1a Ed.:1983 - Ed. Lingua Orig.: 1983]
300 ## - PHYSICAL DESCRIPTION
Extent DIAPOMONTAGGIO
300 ## - PHYSICAL DESCRIPTION
Dimensions (Testo: 48 pag.)
500 ## - GENERAL NOTE
General note Diapomontaggio non sonorizzato. Sussidi didattico educativi. Educazione all'immagine. Vita di Gesù
505 ## - FORMATTED CONTENTS NOTE
Formatted contents note Gesù e il suo messaggio - Analisi linguistica delle miniature - Proposta per l'educazione linguistica - Proposta per l'educazione religiosa
650 ## - SUBJECT ADDED ENTRY--TOPICAL TERM
Topical term or geographic name as entry element DIDATTICO [DIAPOMONTAGGIO NON SONORIZZATO]
Relator term Codice MATERIA SPICS: 9972
9 (RLIN) 19728
700 ## - ADDED ENTRY--PERSONAL NAME
Personal name Marigo Luciano
Dates associated with a name Codice autore SPICS: 17334
Relator term Autore
Name of part/section of a work Gesù e il suo messaggio
9 (RLIN) 19729
700 ## - ADDED ENTRY--PERSONAL NAME
Personal name Rossi Marco
Dates associated with a name Codice autore SPICS: 17335
Relator term Autore
Name of part/section of a work Analisi linguistica delle miniature
9 (RLIN) 19730
700 ## - ADDED ENTRY--PERSONAL NAME
Personal name Vanzetti Patrizia
Dates associated with a name Codice autore SPICS: 17329
Relator term Autore
Name of part/section of a work Proposta per l'educazione linguistica
9 (RLIN) 19731
700 ## - ADDED ENTRY--PERSONAL NAME
Personal name Vanzetti Bartolo
Dates associated with a name Codice autore SPICS: 17331
Relator term Autore
Name of part/section of a work Proposta per l'educazione religiosa
9 (RLIN) 19732
700 ## - ADDED ENTRY--PERSONAL NAME
Personal name Ferrero Bruno
Dates associated with a name Codice autore SPICS: 6696
Relator term Autore
Name of part/section of a work Proposta per l'educazione religiosa
9 (RLIN) 19733
700 ## - ADDED ENTRY--PERSONAL NAME
Personal name Brambilla Gaetano
Dates associated with a name Codice autore SPICS: 17336
Relator term Autore
Name of part/section of a work Proposta per l'educazione religiosa
9 (RLIN) 19734
942 ## - ADDED ENTRY ELEMENTS (KOHA)
Koha item type DIAPOSITIVE
Source of classification or shelving scheme Dewey Decimal Classification
Dati di copia
Withdrawn status Lost status Damaged status Not for loan Home library Current library Date acquired Total Checkouts Full call number Date last seen Price effective from Koha item type Public note
    Buone Condizioni Not For Loan SPICS-MEDIATECA SPICS-MEDIATECA 25/10/2013   37638 25/10/2013 25/10/2013 DIAPOSITIVE Progr. Ins.: 13564 / N.Vol.: 1 / Copie: 1 - Copia rara: n.d. / date import: 01.01.2014 - By Epidotti, Trombetti, Vaglietti
CREDITS: SOCIETA' SAN PAOLO Via A.Severo, 58 - ROMA (RM) & PERIODICI SAN PAOLO SRL Via Giotto, 36 MILANO & CISF Via Giotto, 36 MILANO & EDIZIONI SAN PAOLO SRL,  Piazza Soncino, 5 CINISELLO BALSAMO (MI) -- ITALY